Kinematics and dynamics of lava flows

Αποθηκεύτηκε σε:
Λεπτομέρειες βιβλιογραφικής εγγραφής
Άλλοι συγγραφείς: Manga, Michael (Επιμελητής έκδοσης), Ventura, Guido 1961- (Επιμελητής έκδοσης)
Μορφή: Βιβλίο
Γλώσσα:English
Δημοσίευση: Boulder, Colo. : The Geological Society of America, 2005
Σειρά:Special papers (Geological Society of America) ; 396
Θέματα:
Ετικέτες: Προσθήκη ετικέτας
Δεν υπάρχουν, Καταχωρήστε ετικέτα πρώτοι!

MARC

LEADER 00000nam a2200000 i 4500
001 1/86788
008 080528s2005 eng d
020 |a 0-8137-2396-5 
035 |l 10097733 
040 |a GR-MY-UA  |b gre  |e aacr 
041 0 |a eng 
082 0 |a 551.21  |2 (22) 
245 1 0 |a Kinematics and dynamics of lava flows /  |c edited by Michael Manga, Guido Ventura 
260 |a Boulder, Colo. :   |b The Geological Society of America,   |c 2005 
300 |a vi, 218 σ.;  |b εικ., χάρτες;  |c 28 εκ. 
490 1 |a Special paper  |v ; 396 
504 |a Περιέχει βιβλιογραφικές παραπομπές 
650 0 0 |a Lava flows. 
650 0 0 |a Geodynamics. 
700 1 |a Manga, Michael.  |4 edt 
700 1 |a Ventura, Guido  |d 1961-  |4 edt 
830 0 |a Special papers (Geological Society of America)  |v ; 396 
852 |a INST  |b LESVOS  |e 20080528  |h 551.21 KIN  |p 005100041551  |q 005100041551  |t BK  |y 0 
901 |a BIBL1-2008-2 
909 |a Λ  |b 152519 
922 |a 1ΕΛΗ  |b 200803  |c ΕΠΕΑΕΚ2/ΤΓ  |d ΕΠΕΑΕΚ2/ΤΓ 
970 |a ΚΑΡΑ  |b ΓΙΑΣΕΜΗ  |z 2008/05/28